000 01479cam a2200373 i 4500
999 _c64942
_d64942
001 841199089
003 OCoLC
005 20190410102254.0
008 130416s2013 miuab g b 001 0 eng
010 _a2013007792
020 _a9780801039874 (pbk.)
020 _a0801039878 (pbk.)
024 8 _a99957391216
040 _aDLC
_bspa
_erda
_cCO-MdFUSB
_dYDX
_dYDXCP
_dSTU
_dTLE
_dSP1
_dCDX
_dBTCTA
_dBDX
_dLNT
_dXPQ
_dYUS
_dOCLCF
_dCHVBK
_dCMK
041 _aeng
042 _apcc
082 _224
_aG 232.908
_bM478s
100 1 _aMcDonald, Lee Martin,
_d1942-
_eautor
245 1 4 _aThe story of Jesus in history and faith
_b: An introduction
_c/ Lee Martin McDonald.
264 1 _aGrand Rapids, Michigan :
_bBaker Academic, a Division of Baker Publishing Group,
_c℗[2013]
264 4 _c©2013
300 _axx, 393 páginas :
_bilustraciones, mapas ;
_c23 cm.
336 _2rdacontent.
_atexto
_btxt
337 _2rdamedia.
_asin mediación
_bn
338 _2rdacarrier.
_avolumen
_bnc
501 _aIncluye índices (páginas 367- 393)
504 _aBibliografía (páginas 347- 365)
505 0 _aPt. 1. La historia y el Jesús histórico. -- Pt. 2. Fuentes para el estudio del Jesús histórico. -- Pt. 3. La historia de Jesús en la historia (eventos y enseñanzas). -- Conclusión: Jesús en la historia y en la fe.
600 0 7 _aJesucristo
_xHistoricidad
650 7 _aCristología
_9239
942 _cBK